The foundations of geometry

Saved in:
Bibliographic Details
Main Author: Hilbert, David, 1862-1943
Format: Book
Language:English
Published: La Salle, Illinois : The Open Court Publishing Co., 1947, c1902
Edition:1st ed., Repr.
Subjects:
Tags: Add Tag
No Tags, Be the first to tag this record!

MARC

LEADER 00000cam a2200000 i 4500
001 1/101278
008 090216r19471902 eng d
035 |l 10103199 
040 |a GR-MY-UA  |b gre  |e aacr 
041 0 |a eng 
082 0 |a 516  |2 (22) 
100 1 |a Hilbert, David,   |d 1862-1943. 
245 1 4 |a The foundations of geometry /  |c by David Hilbert ; authorized translation by E. J. Townsend 
250 |a 1st ed., Repr. 
260 |a La Salle, Illinois :   |b The Open Court Publishing Co.,   |c 1947, c1902 
300 |a vii, 143 σ.;  |b εικ.;  |c 20 εκ. 
504 |a Translation copyrighted by The Open Court Publishing Co. 1902 
650 0 0 |a Geometry. 
852 |a INST  |b SAMOS  |c MAG  |e 20090216  |h 516 HIL  |p 005300029347  |q 005300029347  |t BK  |y 0 
901 |a BIBL3-2009-1 
909 |a Σ  |b 155641 
970 |a ΣΙΤΖΙΜΗ  |b ΓΙΑΣΕΜΗ  |z 2009/02/16